Sports Quiz

Random Sports or MLB Quiz

MLB Last 40-HR Hitters by Team Quiz Stats

 Plays Quiz Updated Jun 5, 2018

Score 0/29 Timer 04:00
2 Plays Today
Team Player % Correct
Philadelphia PhilliesRyan Howard (2009)
93.8%
St. Louis CardinalsAlbert Pujols (2010)
87.3%
Boston Red SoxJ.D. Martinez (2018)
85%
Atlanta BravesAndruw Jones (2006)
84.8%
San Francisco GiantsBarry Bonds (2004)
81.7%
Detroit TigersMiguel Cabrera (2013)
79.5%
Seattle MarinersNelson Cruz (2016)
77.2%
New York YankeesAaron Judge (2017)
73.5%
Milwaukee BrewersChris Carter (2016)
73.2%
San Diego PadresAdrian Gonzalez (2009)
69.7%
Cincinnati RedsAdam Dunn (2007)
69.1%
Chicago CubsDerrek Lee (2005)
64.1%
Colorado RockiesNolan Arenado (2016)
62.9%
Washington NationalsBryce Harper (2015)
60%
Houston AstrosLance Berkman (2006)
58.1%
Team Player % Correct
Toronto Blue JaysEdwin Encarnacion (2016)
57.1%
Chicago White SoxTodd Frazier (2016)
56%
New York MetsCarlos Beltran (2006)
56%
Tampa Bay RaysCarlos Pena (2007)
55.6%
Oakland AthleticsKhris Davis (2018)
50.8%
Los Angeles DodgersAdrian Beltre (2004)
41.1%
Cleveland IndiansTravis Hafner (2006)
40.9%
Arizona DiamondbacksMark Reynolds (2009)
39.2%
Baltimore OriolesMark Trumbo (2016)
37.1%
Miami MarlinsGiancarlo Stanton (2017)
35.3%
Texas RangersJoey Gallo (2018)
34.3%
Los Angeles AngelsMike Trout (2015)
34.3%
Pittsburgh PiratesWillie Stargell (1973)
23.2%
Minnesota TwinsBrian Dozier (2016)
20.5%

You're not logged in!

Compare scores with friends on all Sporcle quizzes.
OR
Log In

Show Comments

Extras

Top Quizzes Today


Score Distribution

Your Account Isn't Verified!

In order to create a playlist on Sporcle, you need to verify the email address you used during registration. Go to your Sporcle Settings to finish the process.

Report this User

Report this user for behavior that violates our Community Guidelines.

Details: